Quiz sur la Meuse - Statistiques

Statistiques générales
  • Ce quiz a été pris 524 fois
  • Le résultat moyen est 15 sur 20
Statistiques - réponses
Question % Correct
Numéro du département 55
99%
Région Grand-Est
98%
Préfecture Bar-le-Duc
94%
Sous-préfecture et plus grande ville Verdun
93%
Meurthe-et-Moselle
91%
Pays limitrophe Belgique
90%
Marne
80%
Vosges
80%
Conflit qui a profondément marqué le département dont il reste encore aujourd'hui de nombreux vestiges. Première Guerre mondiale
79%
Parc naturel régional présent dans l'est du département dont le nom est tiré de l'ancienne région à laquelle appartenait la Meuse. Parc naturel régional de Lorraine
78%
Haute-Marne
77%
Départements limitrophes Ardennes
76%
Ossuaire de 46 mètres de haut et entouré par 16 142 tombes. Ossuaire de Douaumont
71%
Confiserie souvent offertes aux mariages dont la création revient à un apothicaire de la Meuse. Dragée
70%
Autre sous-préfecture Commercy
69%
Gentilé Meusiens
69%
Gâteau en forme de coquillage inventé dans le département, cher à l'auteur de Du côté de chez Swann. Madeleine
66%
Actrice française née dans le département, connue pour ses rôles dans Les Tuche ou Les Profs. Isabelle Nanty
62%
Nombre d'habitants (arrondi à la dizaine de milliers d'habitants) 190 000 (185 355)
41%
Ancienne province à laquelle appartenait le nord ouest du département. Champagne
31%
Aucun quiz correspondant
Distribution des résultats
% des personnes avec chaque résultat
Percentile par nombre de réponses
Votre historique - résultats
Vous n’avez pas pris ce quiz